| 000 | 00000nam##2200000za#4500 |
| 001 | 9.599684 |
| 003 | CaOODSP |
| 005 | 20210624205208 |
| 007 | cr ||||||||||| |
| 008 | 150406|2003||||xxc|||||o f|0| 0 fre|d |
| 040 | |aCaOODSP|bfre |
| 043 | |an-cn--- |
| 086 | 1 |aFs76-3/2003-001F-PDF |
| 110 | 1 |aCanada. |bMinistère des pêches et des océans. |
| 245 | 13|aUn cadre pour aider le MPO à évaluer les demandes portant sur l'examen de propositions de prospection sismique |h[ressource électronique] |
| 260 | |aOttawa - Ontario : |bPêches et Océans Canada |cOctobre 2003. |
| 300 | |a14p.|bcarte en couleur, figures, références, tableaux |
| 490 | 1 |aRapport sur l'état des habitats |v2003/001 |
| 590 | |a10-11-Supp|b2010-11-10 |
| 775 | 08|tA framework to assist DFO consideration of requests for review of seismic testing proposals |w(CaOODSP)9.568395 |
| 830 | #0|aRapport sur l'état des habitats ;|v2003/001|w(CaOODSP)9.502626 |
| 856 | 40|ahttp://publications.gc.ca|qPDF|s731 Ko|uhttps://publications.gc.ca/collections/collection_2010/mpo-dfo/Fs76-3-2003-001-fra.pdf|y2003/001 |